000 00310nam a22001457a 4500
003 SGT
020 _a978-93-86896-28-5
082 _a615
_bP19M
100 _aMASIH, SHABNAM
245 _aPHARMACOLOGY FOR NURSES
250 _a4TH
260 _aINDIA
_bLOTUS
_c2019
300 _a468
942 _2ddc
_cBK
_060
999 _c16468
_d16468